| 000 | 00398nam a2200157Ia 4500 | ||
|---|---|---|---|
| 008 | 220216s9999 xx 000 0 und d | ||
| 100 | _aChoudhary C S | ||
| 245 | 0 | _aImpact of climate change on plant diseases: An overview | |
| 260 |
_bRashtriya Krishi _c2015 |
||
| 300 | _a11-Sep | ||
| 650 | _aClimate change | ||
| 650 | _aPlant disease | ||
| 700 | _aJha P K | ||
| 700 | _aRai B | ||
| 942 | _cJS | ||
| 999 |
_c60721 _d60721 |
||